Juice processing: quality, safety and value-added opportunities
Uloženo v:
| Hlavní autoři: | , |
|---|---|
| Médium: | Kniha |
| Jazyk: | angličtina |
| Vydáno: |
Boca Ratón
CRC Press
2014
|
| Vydání: | 1a. ed |
| Témata: | |
| Tagy: |
Přidat tag
Žádné tagy, Buďte první, kdo vytvoří štítek k tomuto záznamu!
|
MARC
| LEADER | 00000cam a2200000 a 4500 | ||
|---|---|---|---|
| 001 | UCE4821 | ||
| 003 | CL-VaPUC | ||
| 008 | 141113e20140000us |||||||||||||||||eng|d | ||
| 020 | |a 9781466577336 | ||
| 082 | 0 | 4 | |a 663.63 |b FAL |2 21 |
| 100 | 0 | |a Falguera, Víctor |e author |9 577296 | |
| 700 | |a Ibarz, Albert |e author |9 601975 | ||
| 245 | 1 | 0 | |a Juice processing: quality, safety and value-added opportunities |
| 250 | |a 1a. ed | ||
| 300 | |a 381 p | ||
| 942 | |c BK | ||
| 945 | |d 20141113 14:00:00 |a dcastane | ||
| 260 | |a Boca Ratón |b CRC Press |c 2014 | ||
| 650 | 7 | |a JUGOS DE FRUTAS |2 CL-VaPUC |9 259825 | |
| 650 | 0 | |a Frutas |9 259500 | |
| 650 | 7 | |a TECNOLOGIA DE ALIMENTOS |2 CL-VaPUC |9 577298 | |
| 650 | 0 | |a Conservación de los alimentos |9 259337 | |
| 583 | |a last modification |c 20141113 14:00:00 |k Rodrigo Vera | ||
| 999 | |c 357680 |d 357678 | ||
| 952 | |0 0 |1 0 |3 erd |4 0 |6 663_630000000000000_FAL_2014 |7 0 |8 A |9 465726 |a BIBALI |b BIBALI |c GEN |i 5124867 |l 1 |o 663.63 FAL 2014 |p 5124867 |r 2025-01-20 |s 2023-10-05 |w 2019-11-23 |y BK |z Catalogado en:20141113 |k ALI | ||